| 000 | 00777nam a22002297a 4500 | ||
|---|---|---|---|
| 999 |
_c4131 _d4131 |
||
| 003 | AR-CdUCM | ||
| 008 | 190308b ||||| |||| 00| 0 spa d | ||
| 020 | _a978-9972-51-537-8 | ||
| 040 |
_aMUNICIPALIDAD PROVINCIAL DEL CUSCO _cBIBLIOTECA MUNICIPAL DEL CUSCO |
||
| 082 |
_a738.985 / _bG66 |
||
| 100 |
_aGolte, Jürgen _946 |
||
| 245 |
_aMoche, cosmología y sociedad : _buna interpretación iconográfica / |
||
| 260 |
_aLima : _bInstituto de Estudios Peruanos, _c2015. |
||
| 300 |
_a473 páginas ; _bIlustraciones , _c29 cm. |
||
| 505 | _aIntroducción -- La Cosmovisión -- Ritos -- Narraciones -- Epilogo... | ||
| 650 |
_aArte _9561 |
||
| 650 |
_aMoche _913089 |
||
| 650 |
_aIconografía _9654 |
||
| 650 |
_aCosmología _913090 |
||
| 942 |
_2ddc _cLIBROS |
||
| 945 | _admma | ||